00709nam a22001697a 450000500170000002000230001703500230004003700130006310000200007624500570009626000490015330000220020294200270022499900170025195201230026895201480039120180722115649.0 a8176488380c895.00 aB-158907, B-158903 aDPLbENG aSingh, Sita Ram aLand reforms and farm diversity /cby Sita Ram Singh aNew DelhibAPH Publishing Corporation c2005 av, 366p.c20 cms. 2ddccENh333.3154mSIT c66984d66984 001040708NFICaZLSbZLSd2012-05-21g895.00l0o333.3154 SITpB-158907r2012-05-21 00:00:00v895.00w2012-05-21yEN 001040708NFICaBL1bBL1d2018-07-22eBPPD/Pubg895.00l1m1o333.3154 SITpB-158903r2021-07-31 00:00:00s2021-07-13v895.00w2018-07-22yEN